000 01150nam a2200289Ia 4500
003 GCL
005 20240530104752.0
008 140319s9999 xx 000 0 ara d
040 _aGCL /
_cGCL
082 0 4 _a327.11
_bأ أ
110 0 _aادارة شؤون الاعلام
245 1 0 _aالامم المتحدة والنزاع بين العراق والكويت : 1990 - 1996 /
_cادارة شؤؤن الاعلام ؛ تقديم بطرس بطرس غالى
300 _a884 ص
490 _aسلسلة الكتب الزرقاء
_v0
650 0 4 _aالكويت
650 0 4 _aالامم المتحدة
650 0 4 _aمجلس الامن
650 0 4 _aالاحتلال العراقى (1990 - 1991)
650 0 4 _aالعراق - تاريخ - العصر الحديث
650 0 4 _aاحتلال الكويت (1990 - 1991)
650 0 4 _aقوات الطوارىء الدولية
650 0 4 _aالامم المتحدة - العقوبات
650 0 4 _aالعالم العربى - الاحوال السياسية
650 0 4 _aالكويت - تاريخ - العصر الحديث
700 0 _aبطرس بطرس غالى
942 _2ddc
_cBK
999 _c50521
_d50521